[Event "GRE-chT Online Rapid op 1st"]
[Site "Tornelo INT"]
[Date "2021.02.21"]
[Round "8.11"]
[White "Agouridis, Aris"]
[Black "Ladas, Dimitrios"]
[Result "1-0"]
[WhiteElo "2098"]
[BlackElo "1859"]
[PlyCount "81"]
[EventDate "2021.02.20"]
[EventType "team-swiss (rapid)"]
[EventRounds "9"]
[EventCountry "GRE"]
[SourceTitle "EXT 2023"]
[Source "ChessBase"]
[SourceDate "2022.10.05"]
[SourceVersion "1"]
[SourceVersionDate "2022.10.05"]
[SourceQuality "1"]

1. e4 e5 2. d4 exd4 3. Qxd4 Nc6 4. Qe3 Nf6 5. Nc3 Bb4 6. Bd2 0-0 7. 0-0-0 Re8 8. Qg3 Rxe4 9. f3 Re8 10. h4 d5 11. h5 Bd6 12. Qf2 Be6 13. h6 g6 14. Bb5 a6 15. Bxc6 bxc6 16. Nge2 c5 17. Bg5 d4 18. Qh4 Be7 19. Nxd4 cxd4 20. Rxd4 Nd5 21. Rxd5 Bxd5 22. Bxe7 Qxe7 23. Qxe7 Rxe7 24. Nxd5 Re2 25. g4 Rd8 26. Nf6+ Kh8 27. Ne4 Re3 28. Rf1 Rd5 29. g5 f5 30. gxf6 Kg8 31. c4 Rd8 32. Ng5 Re5 33. f7+ Kf8 34. f4 Rf5 35. Ne6+ Kxf7 36. Nxd8+ Kf6 37. b3 g5 38. fxg5+ Kxg5 39. Ne6+ Kg6 40. Rxf5 Kxf5 41. Nxc7 1-0

[Event "GRE-chT Online Rapid op 1st"]
[Site "Tornelo INT"]
[Date "2021.02.21"]
[Round "6.18"]
[White "Deligiannis, Paraskevas1"]
[Black "Ladas, Dimitrios"]
[Result "1-0"]
[WhiteElo "2052"]
[BlackElo "1859"]
[PlyCount "65"]
[EventDate "2021.02.20"]
[EventType "team-swiss (rapid)"]
[EventRounds "9"]
[EventCountry "GRE"]
[SourceTitle "EXT 2023"]
[Source "ChessBase"]
[SourceDate "2022.10.05"]
[SourceVersion "1"]
[SourceVersionDate "2022.10.05"]
[SourceQuality "1"]

1. c4 e6 2. g3 d5 3. Bg2 Nf6 4. Nf3 Be7 5. 0-0 0-0 6. d4 c5 7. dxc5 Bxc5 8. Qc2 dxc4 9. Nbd2 Nbd7 10. Nxc4 b5 11. Nce5 Bb7 12. Nxd7 Nxd7 13. Ng5 g6 14. Bxb7 Rb8 15. Bg2 Rc8 16. Qb3 Qb6 17. Ne4 Bd4 18. Be3 Bxe3 19. fxe3 Ne5 20. Nf6+ Kg7 21. Rad1 Rfd8 22. Rxd8 Rxd8 23. Qc3 Qb8 24. Ng4 f6 25. Nxe5 Qxe5 26. Qxe5 fxe5 27. Rb1 Rd2 28. Kf2 a5 29. Ke1 Rc2 30. Be4 Rc5 31. Rd1 Kf6 32. Kd2 b4 33. Rc1 1-0

[Event "GRE-chT Online Rapid op 1st"]
[Site "Tornelo INT"]
[Date "2021.02.21"]
[Round "9.19"]
[White "Ladas, Dimitrios"]
[Black "Minas, Ioannis"]
[Result "1-0"]
[WhiteElo "1859"]
[BlackElo "1906"]
[PlyCount "61"]
[EventDate "2021.02.20"]
[EventType "team-swiss (rapid)"]
[EventRounds "9"]
[EventCountry "GRE"]
[SourceTitle "EXT 2023"]
[Source "ChessBase"]
[SourceDate "2022.10.05"]
[SourceVersion "1"]
[SourceVersionDate "2022.10.05"]
[SourceQuality "1"]

1. d4 Nf6 2. Bf4 c5 3. e3 g6 4. c3 cxd4 5. exd4 d6 6. Nf3 Bg7 7. h3 0-0 8. Be2 b6 9. 0-0 Bb7 10. a4 a6 11. Bh2 Nbd7 12. Nbd2 Qc7 13. Qb3 Rac8 14. Rfe1 Qb8 15. Bc4 e5 16. dxe5 dxe5 17. Nxe5 Qa8 18. Bxf7+ Kh8 19. f3 Rc5 20. Nxd7 Nxd7 21. Bd6 Rg5 22. Bxf8 Bxf8 23. Ne4 Nc5 24. Qc2 Nxe4 25. fxe4 Bc5+ 26. Kh1 Qf8 27. Bd5 Bc8 28. Rf1 Qh6 29. Qd3 Rh5 30. Bc4 Bd7 31. Qxd7 1-0

[Event "GRE-chT Online Rapid op 1st"]
[Site "Tornelo INT"]
[Date "2021.02.20"]
[Round "3.20"]
[White "Ladas, Dimitrios"]
[Black "Sotiropoulos, Anastasios Theohar"]
[Result "1-0"]
[WhiteElo "1859"]
[BlackElo "1969"]
[PlyCount "123"]
[EventDate "2021.02.20"]
[EventType "team-swiss (rapid)"]
[EventRounds "9"]
[EventCountry "GRE"]
[SourceTitle "EXT 2023"]
[Source "ChessBase"]
[SourceDate "2022.10.05"]
[SourceVersion "1"]
[SourceVersionDate "2022.10.05"]
[SourceQuality "1"]

1. c4 e6 2. g3 d5 3. Bg2 Nf6 4. Nf3 dxc4 5. Qa4+ Bd7 6. Qxc4 c5 7. 0-0 Bc6 8. Rd1 Nbd7 9. d4 Rc8 10. Nc3 cxd4 11. Qxd4 Bc5 12. Qh4 Qb6 13. e3 0-0 14. Na4 Qb4 15. Nxc5 Qxh4 16. Nxh4 Nxc5 17. b3 Bxg2 18. Kxg2 Nce4 19. Ba3 Rfe8 20. Rac1 Nc3 21. Rd2 Nb5 22. Rxc8 Rxc8 23. Bb2 Ne4 24. Re2 f6 25. Nf3 e5 26. Ne1 Kf7 27. Rc2 Rxc2 28. Nxc2 Ke6 29. f3 Nec3 30. Bxc3 Nxc3 31. a3 e4 32. f4 Kd5 33. Kf2 a5 34. Ke1 a4 35. bxa4 Nxa4 36. Nd4 Nb2 37. Ke2 b6 38. g4 g6 39. h4 Kc4 40. g5 fxg5 41. hxg5 Kd5 42. Nb5 Kc5 43. Nd4 Kd5 44. Nb5 Nc4 45. Nc3+ Kc6 46. Nxe4 Nxa3 47. Nf6 b5 48. Nxh7 Kc5 49. f5 b4 50. f6 b3 51. f7 b2 52. f8Q+ Kc4 53. Qxa3 b1Q 54. Qa4+ Kc5 55. Qd4+ Kc6 56. Qf6+ Kc5 57. Qe7+ Kc6 58. Qe6+ Kc7 59. Qc4+ Kb6 60. Nf6 Qb2+ 61. Kf3 Ka7 62. Qd4+ 1-0

[Event "GRE-ch U20"]
[Site "Chania"]
[Date "2018.04.15"]
[Round "8"]
[White "Fyntrilakis, Kyriakos"]
[Black "Ladas, Dimitrios"]
[Result "0-1"]
[WhiteElo "1689"]
[BlackElo "1873"]
[PlyCount "142"]
[EventDate "2018.04.10"]
[EventType "swiss"]
[EventRounds "9"]
[EventCountry "GRE"]
[SourceTitle "CBM 184 Extra"]
[Source "ChessBase"]
[SourceDate "2018.06.28"]
[SourceVersion "1"]
[SourceVersionDate "2018.06.28"]
[SourceQuality "1"]
[WhiteTeam "Greece"]
[BlackTeam "Greece"]
[WhiteTeamCountry "GRE"]
[BlackTeamCountry "GRE"]

1. e4 e5 2. Nf3 Nc6 3. Bb5 a6 4. Ba4 Nf6 5. 0-0 Be7 6. Re1 b5 7. Bb3 0-0 8. a4 b4 9. a5 d6 10. d3 h6 11. c3 bxc3 12. bxc3 Re8 13. Nbd2 Bf8 14. Nc4 Be6 15. Ne3 d5 16. Ba4 Bd7 17. exd5 Na7 18. Bb3 c6 19. d4 exd4 20. Nxd4 cxd5 21. Nxd5 Nb5 22. Rxe8 Bxe8 23. c4 Nxd5 24. cxd5 Qf6 25. Be3 Rd8 26. Nxb5 Bxb5 27. Rc1 Bb4 28. Bb6 Re8 29. Bd4 Qg5 30. Be3 Qf6 31. Ra1 Qd8 32. Qg4 Bxa5 33. Bd4 Qg5 34. Qf3 Qd2 35. Qd1 Qxd1+ 36. Rxd1 Re1+ 37. Rxe1 Bxe1 38. Bc5 a5 39. g3 Bb4 40. Bd4 Kf8 41. Kg2 f6 42. Kf3 Ke7 43. Ke4 Kd6 44. g4 Be8 45. f4 a4 46. Ba2 Bg6+ 47. f5 Bf7 48. Be3 Be8 49. Bf4+ Ke7 50. Kd4 Bd6 51. Bxd6+ Kxd6 52. Bc4 Bd7 53. h4 h5 54. Be2 hxg4 55. Bxg4 a3 56. Kc3 Kxd5 57. Kb3 Ke4 58. Kxa3 Bxf5 59. Bd1 Kf4 60. Kb4 Kg3 61. Kc5 Kxh4 62. Kd6 Bg4 63. Bc2 g5 64. Kd5 f5 65. Kd4 Kg3 66. Bd3 f4 67. Ke5 Bc8 68. Kd4 f3 69. Ke3 g4 70. Bf1 Bb7 71. Bd3 Kg2 0-1

[Event "GRE-ch U20"]
[Site "Chania"]
[Date "2018.04.10"]
[Round "1"]
[White "Ladas, Dimitrios"]
[Black "Benakis, Ioannis"]
[Result "1-0"]
[WhiteElo "1873"]
[BlackElo "1022"]
[PlyCount "59"]
[EventDate "2018.04.10"]
[EventType "swiss"]
[EventRounds "9"]
[EventCountry "GRE"]
[SourceTitle "CBM 184 Extra"]
[Source "ChessBase"]
[SourceDate "2018.06.28"]
[SourceVersion "1"]
[SourceVersionDate "2018.06.28"]
[SourceQuality "1"]
[WhiteTeam "Greece"]
[BlackTeam "Greece"]
[WhiteTeamCountry "GRE"]
[BlackTeamCountry "GRE"]

1. c4 e5 2. g3 Nf6 3. Bg2 Bc5 4. Nc3 Nc6 5. e3 0-0 6. Nge2 d6 7. 0-0 Bg4 8. h3 Bh5 9. g4 Bg6 10. d4 exd4 11. exd4 Bb6 12. Bg5 Re8 13. Nd5 Re6 14. Nxb6 axb6 15. d5 Re5 16. Bxf6 Qxf6 17. dxc6 bxc6 18. Bxc6 Be4 19. Bxa8 Bxa8 20. f4 Re3 21. Kf2 Rxh3 22. Ke1 Rh1 23. Rxh1 Qxb2 24. Rh3 h6 25. Qd4 Qb4+ 26. Kf2 Qa4 27. Rg1 Qc2 28. g5 Be4 29. gxh6 Bd3 30. Qxg7# 1-0

[Event "Attica-ch U16"]
[Site "Athens"]
[Date "2014.04.13"]
[Round "3.1"]
[White "Kourkoulos Arditis, Stamatis"]
[Black "Ladas, Dimitrios"]
[Result "1-0"]
[WhiteElo "2303"]
[BlackElo "1882"]
[PlyCount "73"]
[EventDate "2014.04.11"]
[EventType "swiss"]
[EventRounds "7"]
[EventCountry "GRE"]
[SourceTitle "EXT 2024"]
[Source "ChessBase"]
[SourceDate "2023.10.10"]
[SourceVersion "1"]
[SourceVersionDate "2023.10.10"]
[SourceQuality "1"]

1. Nf3 d5 2. g3 Nf6 3. Bg2 Bf5 4. 0-0 e6 5. d3 c5 6. Nbd2 Be7 7. Qe1 h6 8. e4 Bh7 9. Qe2 Nc6 10. e5 Nd7 11. Re1 Nb4 12. Qd1 Qc7 13. Nf1 0-0 14. Bf4 b5 15. g4 Rfc8 16. h4 c4 17. a3 cxd3 18. axb4 dxc2 19. Qd4 Qc4 20. Bd2 Nb6 21. Ne3 Qxd4 22. Nxd4 Nc4 23. Bc3 Nxe3 24. fxe3 Bd3 25. Bf1 Bxf1 26. Rxf1 Rc4 27. Rfc1 Bxb4 28. Bxb4 Rxb4 29. Rxc2 Rc4 30. b3 Rxc2 31. Nxc2 Kf8 32. Nd4 a6 33. Nxb5 Rb8 34. Nd4 Rb6 35. Rc1 Rb7 36. Rc6 Ra7 37. Rc8+ 1-0

[Event "Attica-ch U16"]
[Site "Athens"]
[Date "2014.04.11"]
[Round "1.4"]
[White "Kapellas, Alexandros Antonios"]
[Black "Ladas, Dimitrios"]
[Result "0-1"]
[WhiteElo "1480"]
[BlackElo "1882"]
[PlyCount "48"]
[EventDate "2014.04.11"]
[EventType "swiss"]
[EventRounds "7"]
[EventCountry "GRE"]
[SourceTitle "EXT 2024"]
[Source "ChessBase"]
[SourceDate "2023.10.10"]
[SourceVersion "1"]
[SourceVersionDate "2023.10.10"]
[SourceQuality "1"]

1. d4 d5 2. e3 Bf5 3. Bd3 Bxd3 4. Qxd3 c6 5. f4 Nf6 6. Nd2 e6 7. Ngf3 Bd6 8. Ne5 Nbd7 9. 0-0 Qe7 10. c4 h6 11. c5 Bc7 12. b4 0-0 13. Bb2 Nxe5 14. fxe5 Nd7 15. Nf3 f6 16. exf6 Nxf6 17. Rae1 Qe8 18. g3 Qh5 19. Kg2 Ne4 20. Qe2 Bxg3 21. hxg3 Qg4 22. Ne5 Qxg3+ 23. Kh1 Nf2+ 24. Rxf2 Rxf2 0-1

[Event "GRE-ch U14"]
[Site "Rio Achaia"]
[Date "2012.06.28"]
[Round "6.4"]
[White "Kourkoulos Arditis, Stamatis"]
[Black "Ladas, Dimitrios"]
[Result "1-0"]
[WhiteElo "2174"]
[BlackElo "1706"]
[PlyCount "83"]
[EventDate "2012.06.24"]
[EventType "swiss"]
[EventRounds "7"]
[EventCountry "GRE"]
[SourceTitle "EXT 2024"]
[Source "ChessBase"]
[SourceDate "2023.10.10"]
[SourceVersion "1"]
[SourceVersionDate "2023.10.10"]
[SourceQuality "1"]

1. e4 e5 2. Nf3 Nc6 3. Bb5 a6 4. Ba4 Nf6 5. Nc3 b5 6. Bb3 Be7 7. 0-0 0-0 8. d3 d6 9. h3 Na5 10. Re1 Nxb3 11. axb3 Bb7 12. Ne2 Re8 13. Ng3 Bf8 14. Nf5 d5 15. exd5 Qxd5 16. Bg5 Nd7 17. c4 Qe6 18. Ng3 Qg6 19. Be3 b4 20. Nh4 Qc6 21. Ne4 Nf6 22. Nxf6+ Qxf6 23. Qg4 h6 24. Ra5 Rad8 25. Bc5 Bxc5 26. Rxc5 Rd4 27. f4 Rxf4 28. Qd7 Rf8 29. g3 Rd4 30. Qxc7 Rxh4 31. Qxb7 Rxh3 32. Qg2 Rh5 33. d4 Qd6 34. Rd5 Qb6 35. c5 Qc6 36. Rdxe5 Qxg2+ 37. Kxg2 Rxe5 38. Rxe5 f6 39. Re7 Rd8 40. c6 Kf8 41. Ra7 Ke8 42. Rxg7 1-0

[Event "GRE-ch U14"]
[Site "Rio Achaia"]
[Date "2012.06.27"]
[Round "5.7"]
[White "Ladas, Dimitrios"]
[Black "Ballas, Athanasios Panagiot"]
[Result "1/2-1/2"]
[WhiteElo "1706"]
[BlackElo "1840"]
[PlyCount "81"]
[EventDate "2012.06.24"]
[EventType "swiss"]
[EventRounds "7"]
[EventCountry "GRE"]
[SourceTitle "EXT 2024"]
[Source "ChessBase"]
[SourceDate "2023.10.10"]
[SourceVersion "1"]
[SourceVersionDate "2023.10.10"]
[SourceQuality "1"]

1. c4 Nf6 2. g3 g6 3. Bg2 d5 4. cxd5 Nxd5 5. Nc3 Nb6 6. d3 Bg7 7. Be3 Nc6 8. Qd2 0-0 9. Bxc6 bxc6 10. Bh6 c5 11. Bxg7 Kxg7 12. Qe3 Qd4 13. Nf3 Qxe3 14. fxe3 Bb7 15. 0-0 f6 16. Rac1 Rac8 17. Nb5 Nd7 18. Nd2 Ba6 19. Na3 f5 20. Nb3 Rb8 21. Nc4 Rf6 22. Rc2 Re6 23. Nbd2 Nb6 24. Kf2 Nd5 25. b3 Nf6 26. h3 Nd5 27. Rfc1 Nb4 28. Rb2 Nd5 29. Nf1 Nb6 30. Ncd2 Nd7 31. Nb1 Kf7 32. Nfd2 Rb7 33. Rbc2 Bb5 34. Nc3 Ra6 35. Nxb5 Rxb5 36. Nb1 Rb7 37. Nc3 Nb6 38. Nd1 Nd7 39. Nc3 Nb6 40. Nd1 Nd7 41. Nc3 1/2-1/2

[Event "Petroupoli op 4th"]
[Site "Petroupoli"]
[Date "2012.05.09"]
[Round "4"]
[White "Kagas, Konstantinos"]
[Black "Ladas, Dimitrios"]
[Result "1-0"]
[WhiteElo "2024"]
[BlackElo "1639"]
[PlyCount "109"]
[EventDate "2012.04.28"]
[EventType "swiss"]
[EventRounds "7"]
[EventCountry "GRE"]
[SourceTitle "CBM 148 Extra"]
[Source "ChessBase"]
[SourceDate "2012.06.22"]
[SourceVersion "1"]
[SourceVersionDate "2012.06.22"]
[SourceQuality "1"]

1. d4 d5 2. Nf3 Nf6 3. c4 e6 4. Nc3 Be7 5. e3 0-0 6. Bd3 b6 7. cxd5 Nxd5 8. 0-0 Bb7 9. Ne5 Nd7 10. f4 c5 11. Qh5 N7f6 12. Qh3 Nb4 13. Bb1 cxd4 14. Rd1 dxc3 15. Rxd8 Rfxd8 16. bxc3 Rd1+ 17. Kf2 Rxc1 18. Bxh7+ Nxh7 19. Rxc1 Nd5 20. c4 Ndf6 21. g4 Rd8 22. Ke2 Ne4 23. Rc2 Bf6 24. Nf3 Nc3+ 25. Kf2 Nd1+ 26. Ke2 Nc3+ 27. Ke1 Rd1+ 28. Kf2 Ra1 29. Nd4 Nd1+ 30. Ke2 Be4 31. Nb3 Bxc2 32. Nxa1 Bxa1 33. Kd2 Ba4 34. Qf3 Bc3+ 35. Kc1 Ba5 36. c5 Nc3 37. Qa8+ Nf8 38. Qxa7 Nd5 39. e4 Nxf4 40. cxb6 Bxb6 41. Qxb6 Bd7 42. Qa7 e5 43. g5 Bc6 44. Qe3 N8e6 45. h4 Ng6 46. h5 Ngf4 47. h6 Nxg5 48. hxg7 f6 49. Qb6 Ne2+ 50. Kb2 Nd4 51. Qa7 Nge6 52. Qe7 Nxg7 53. Qxf6 Bb7 54. Qxe5 Nc6 55. Qc7 1-0

[Event "Petroupoli op 4th"]
[Site "Petroupoli"]
[Date "2012.04.28"]
[Round "1"]
[White "Ladas, Dimitrios"]
[Black "Kasioumis, Vasilios"]
[Result "1-0"]
[WhiteElo "1639"]
[BlackElo "1005"]
[PlyCount "73"]
[EventDate "2012.04.28"]
[EventType "swiss"]
[EventRounds "7"]
[EventCountry "GRE"]
[SourceTitle "CBM 148 Extra"]
[Source "ChessBase"]
[SourceDate "2012.06.22"]
[SourceVersion "1"]
[SourceVersionDate "2012.06.22"]
[SourceQuality "1"]

1. c4 Nc6 2. g3 Nf6 3. Bg2 e5 4. Nc3 Bc5 5. e3 d6 6. Nge2 0-0 7. 0-0 Bg4 8. h3 Bf5 9. d4 exd4 10. exd4 Bb4 11. a3 Bxc3 12. Nxc3 Re8 13. Bg5 h6 14. Bxf6 Qxf6 15. Nd5 Qd8 16. b4 Be4 17. Qg4 Nxd4 18. Bxe4 f5 19. Bxf5 Nxf5 20. Qxf5 Re5 21. Qd3 c6 22. Ne3 d5 23. cxd5 cxd5 24. Rfd1 Qd7 25. Nxd5 Rd8 26. Nf6+ gxf6 27. Qg6+ Kf8 28. Qxf6+ Ke8 29. Qxe5+ Qe7 30. Qh8+ Kf7 31. Rxd8 Kg6 32. Rg8+ Kf7 33. Rg7+ Kf6 34. Qxh6+ Kf5 35. g4+ Ke4 36. Rxe7+ Kf3 37. Re3# 1-0

[Event "Petroupoli op 3rd"]
[Site "Petroupoli"]
[Date "2012.03.31"]
[Round "7"]
[White "Pavlis, Antonios"]
[Black "Ladas, Dimitrios"]
[Result "0-1"]
[WhiteElo "1761"]
[BlackElo "1639"]
[PlyCount "82"]
[EventDate "2012.03.10"]
[EventType "swiss"]
[EventRounds "7"]
[EventCountry "GRE"]
[SourceTitle "CBM 147 Extra"]
[Source "ChessBase"]
[SourceDate "2012.04.24"]
[SourceVersion "1"]
[SourceVersionDate "2012.04.24"]
[SourceQuality "1"]

1. e4 e5 2. Nf3 Nc6 3. Bc4 Bc5 4. c3 Nf6 5. d4 exd4 6. cxd4 Bb4+ 7. Nc3 Nxe4 8. 0-0 Bxc3 9. d5 Bf6 10. Re1 Ne7 11. Rxe4 d6 12. Bg5 Bxg5 13. Nxg5 h6 14. Nxf7 Kxf7 15. Qf3+ Nf5 16. Rae1 Rf8 17. g4 Kg8 18. gxf5 Bxf5 19. Re7 Bd7 20. Qh5 Be8 21. Qg4 Bf7 22. Bd3 Re8 23. Qh4 Rxe7 24. Rxe7 Kf8 25. Rxf7+ Kxf7 26. Qh5+ Kg8 27. h4 Qf6 28. Qg4 Rf8 29. Qg3 Qxb2 30. h5 Qc1+ 31. Kh2 Qf4 32. Kg2 Qxg3+ 33. Kxg3 Re8 34. Kg4 Re5 35. Bf5 Rxf5 36. Kxf5 Kf7 37. a4 c5 38. dxc6 bxc6 39. a5 a6 40. f3 c5 41. f4 d5 0-1

[Event "Petroupoli ASOP Dias op 2nd"]
[Site "Petroupoli"]
[Date "2012.02.29"]
[Round "6.1"]
[White "Katopodis, Ioannis"]
[Black "Ladas, Dimitrios"]
[Result "1/2-1/2"]
[WhiteElo "1652"]
[BlackElo "1639"]
[PlyCount "38"]
[EventDate "2012.02.11"]
[EventType "swiss"]
[EventRounds "7"]
[EventCountry "GRE"]
[SourceTitle "EXT 2024"]
[Source "ChessBase"]
[SourceDate "2023.10.10"]
[SourceVersion "1"]
[SourceVersionDate "2023.10.10"]
[SourceQuality "1"]

1. c4 e6 2. g3 d5 3. Bg2 Nf6 4. Nf3 Be7 5. 0-0 0-0 6. b3 b6 7. Bb2 Bb7 8. Nc3 Nbd7 9. e3 c5 10. Qe2 Rc8 11. Rfd1 Re8 12. cxd5 Nxd5 13. Nxd5 Bxd5 14. Rac1 Bf6 15. d4 cxd4 16. Nxd4 Rxc1 17. Rxc1 Bxg2 18. Kxg2 Qa8+ 19. Qf3 Nc5 1/2-1/2

[Event "GRE-ch U18"]
[Site "Nikaia"]
[Date "2012.01.08"]
[Round "8"]
[White "Ladas, Dimitrios"]
[Black "Gkikas, Vasilios"]
[Result "1/2-1/2"]
[WhiteElo "1668"]
[BlackElo "1557"]
[PlyCount "95"]
[EventDate "2012.01.03"]
[EventType "swiss"]
[EventRounds "9"]
[EventCountry "GRE"]
[SourceTitle "CBM 146 Extra"]
[Source "ChessBase"]
[SourceDate "2012.02.29"]
[SourceVersion "1"]
[SourceVersionDate "2012.02.29"]
[SourceQuality "1"]

1. d4 e6 2. Nf3 f5 3. Bf4 Nf6 4. e3 d5 5. c4 Bd6 6. Ne5 c6 7. Nc3 0-0 8. Bd3 Bc7 9. 0-0 Ne4 10. Qc2 Nd7 11. Nxd7 Bxd7 12. Bxc7 Qxc7 13. cxd5 cxd5 14. Rfc1 Qd6 15. Rab1 Rac8 16. Qe2 a6 17. Rc2 Rc7 18. Rbc1 Rfc8 19. Nd1 Rxc2 20. Rxc2 Rxc2 21. Qxc2 Kf7 22. a3 g6 23. f4 Ke7 24. Bxe4 dxe4 25. b4 Qc6 26. Qc5+ Qd6 27. Nc3 b5 28. Kf2 Bc6 29. Ke2 Qxc5 30. bxc5 Kf6 31. Na2 a5 32. Nc1 Bd5 33. Kd2 h6 34. Ne2 g5 35. Ng3 Kg6 36. Ne2 Kf6 37. Ng3 Kg6 38. Ne2 Kf6 39. g3 g4 40. Nc3 Bc6 41. Kc2 Ke7 42. Nb1 Kd7 43. Nd2 Bd5 44. Nb3 Bxb3+ 45. Kxb3 Kc6 46. Kc3 Kb7 47. Kb3 Kc6 48. Kc3 1/2-1/2

[Event "GRE-ch U14"]
[Site "Eretria"]
[Date "2011.06.26"]
[Round "2.2"]
[White "Ladas, Dimitrios"]
[Black "Stathopoulos, Ioannis"]
[Result "0-1"]
[WhiteElo "1683"]
[BlackElo "2091"]
[PlyCount "94"]
[EventDate "2011.06.25"]
[EventType "swiss"]
[EventRounds "9"]
[EventCountry "GRE"]
[SourceTitle "EXT 2024"]
[Source "ChessBase"]
[SourceDate "2023.10.10"]
[SourceVersion "1"]
[SourceVersionDate "2023.10.10"]
[SourceQuality "1"]

1. d4 Nf6 2. Nf3 g6 3. Bf4 Bg7 4. e3 0-0 5. Be2 d6 6. h3 Nbd7 7. 0-0 Qe8 8. c3 e5 9. Bh2 b6 10. Bb5 e4 11. Nfd2 Bb7 12. Be2 Qe7 13. c4 Ne8 14. Nc3 f5 15. Qc2 Nef6 16. b4 g5 17. Nb3 Bh6 18. d5 Ne5 19. Nd4 Bc8 20. Bxe5 Qxe5 21. Nc6 Qe8 22. Nb5 Rf7 23. Ncxa7 g4 24. Nxc8 Rxc8 25. Nd4 Qe5 26. Nc6 Qe8 27. Qb3 Rg7 28. Nd4 gxh3 29. g3 Qe5 30. Kh1 Kh8 31. Ne6 Rg6 32. Nf4 Bxf4 33. exf4 Qe7 34. Qc3 Qg7 35. c5 Nxd5 36. Qxg7+ Kxg7 37. cxb6 cxb6 38. a4 Nxb4 39. Rab1 Nd5 40. Rfc1 Rc5 41. Bc4 Nc7 42. Kh2 d5 43. Be2 Rgc6 44. Re1 d4 45. f3 Rc2 46. Kxh3 exf3 47. Kh2 d3 0-1

[Event "GRE-ch U12"]
[Site "Kallithea"]
[Date "2010.06.30"]
[Round "7"]
[White "Ladas, Dimitrios"]
[Black "Ladopoulos, Dimitrios"]
[Result "0-1"]
[WhiteElo "1690"]
[BlackElo "1872"]
[PlyCount "68"]
[EventDate "2010.06.26"]
[EventType "swiss"]
[EventRounds "9"]
[EventCountry "GRE"]
[SourceTitle "EXT 2012"]
[Source "ChessBase"]
[SourceDate "2011.11.24"]
[SourceVersion "1"]
[SourceVersionDate "2011.11.24"]
[SourceQuality "1"]

1. d4 Nf6 2. Nf3 e6 3. Bf4 Be7 4. e3 b6 5. h3 Bb7 6. Nbd2 d6 7. c3 Nbd7 8. Bd3 0-0 9. 0-0 c5 10. a4 d5 11. Ne5 Ne8 12. a5 Nxe5 13. Bxe5 Bd6 14. Bxd6 Qxd6 15. f4 c4 16. Bc2 f5 17. axb6 axb6 18. Nf3 Nf6 19. Ne5 b5 20. Qd2 Bc6 21. Rfc1 Rfb8 22. Qe1 Be8 23. Rxa8 Rxa8 24. Ra1 Rb8 25. Ra5 b4 26. Ra1 Kf8 27. Kf2 Rb6 28. Qc1 Qb8 29. Rb1 Ke7 30. Ke2 Bh5+ 31. Kf2 Qb7 32. Ke1 Kf8 33. Kf2 Qe7 34. Bd1 Ne4+ 0-1

[Event "GRE-ch U12"]
[Site "Kallithea"]
[Date "2010.06.27"]
[Round "3"]
[White "Ladas, Dimitrios"]
[Black "Prokopiou, Ioannis"]
[Result "1/2-1/2"]
[WhiteElo "1690"]
[BlackElo "1543"]
[PlyCount "151"]
[EventDate "2010.06.26"]
[EventType "swiss"]
[EventRounds "9"]
[EventCountry "GRE"]
[SourceTitle "EXT 2012"]
[Source "ChessBase"]
[SourceDate "2011.11.24"]
[SourceVersion "1"]
[SourceVersionDate "2011.11.24"]
[SourceQuality "1"]

1. d4 Nf6 2. Nf3 g6 3. Bf4 Bg7 4. e3 0-0 5. h3 d6 6. Be2 Nbd7 7. 0-0 Re8 8. c3 e5 9. dxe5 dxe5 10. Nxe5 Nxe5 11. Qxd8 Rxd8 12. Bxe5 c6 13. Bd4 Bf5 14. Rd1 Bc2 15. Rc1 Bf5 16. Na3 Rd7 17. Rd1 b6 18. Bf3 Be4 19. Bxe4 Nxe4 20. Bxg7 Rxd1+ 21. Rxd1 Kxg7 22. Rd4 Nf6 23. Kf1 c5 24. Rd1 Kf8 25. Ke2 Ke7 26. Nc4 Ke6 27. Kf3 b5 28. Na5 a6 29. Nb3 Nd7 30. e4 c4 31. Nd4+ Kf6 32. Nc6 Ke6 33. e5 Nxe5+ 34. Nxe5 Kxe5 35. Rd7 Ke6 36. Rd4 a5 37. Kf4 a4 38. a3 Rc8 39. Re4+ Kf6 40. Re5 Rb8 41. Rc5 Rb6 42. Ke4 Ke6 43. Rc8 f5+ 44. Ke3 Rd6 45. Rb8 Rd5 46. Rb7 h5 47. Rb6+ Kf7 48. Kf4 Ke7 49. Kg5 Kd7 50. Kxg6 Kc7 51. Re6 Rd2 52. Kxh5 Rxf2 53. g4 fxg4 54. hxg4 Rh2+ 55. Kg6 Rxb2 56. g5 Rb3 57. Kf7 Rxc3 58. g6 Rf3+ 59. Rf6 Rxf6+ 60. Kxf6 c3 61. g7 c2 62. g8Q c1Q 63. Qf7+ Kb6 64. Qa2 Qc3+ 65. Kf5 Qd3+ 66. Kf6 Qf3+ 67. Ke5 Qe3+ 68. Kf6 Qf4+ 69. Kg6 Qe4+ 70. Kf6 Kc5 71. Kg7 Qf5 72. Kh6 Qf6+ 73. Kh5 Qg7 74. Qc2+ Kd5 75. Qd3+ Kc6 76. Qc2+ 1/2-1/2